| Record ID | marc_records_scriblio_net/part10.dat:18240757:745 |
| Source | Scriblio |
| Download Link | /show-records/marc_records_scriblio_net/part10.dat:18240757:745?format=raw |
LEADER: 00745cam 2200241 i 4500
001 77016210 //r903
003 DLC
005 19900427150954.0
008 771013s1978 txua b 00110 eng
010 $a 77016210 //r903
020 $a0292703317 :$c$14.95
040 $aDLC$cDLC$dDLC
043 $an-mx---
050 00 $aHX851$b.H37
082 00 $a335/.83/0972
100 10 $aHart, John M.$q(John Mason),$d1935-
245 10 $aAnarchism & the Mexican working class, 1860-1931 /$cJohn M. Hart.
260 0 $aAustin :$bUniversity of Texas Press,$cc1978.
300 $ax, 249 p. :$bill. ;$c24 cm.
504 $aBibliography: p. [209]-226.
500 $aIncludes index.
650 0 $aAnarchism$zMexico$xHistory.
650 0 $aWorking class$zMexico$xHistory.